4 letters words - Statistics

General Stats
  • This quiz has been taken 42 times
  • The average score is 16 of 19
Answer Stats
Hint Answer % Correct
Cold Cold
100%
Flow Flow
100%
Love Love
100%
Mine Mine
100%
Vine Vine
100%
Fall Fall
96%
Find Find
96%
Oral Oral
96%
Teen Teen
96%
Pole Pole
89%
Hack Hack
86%
Kiwi Kiwi
86%
Cove Cove
82%
Vase Vase
79%
West West
71%
Joke Joke
68%
Late Late
61%
Baby Baby
54%
Bowl Bowl
50%
No matching quizzes found
Score Distribution
Percent of People with Each Score
Percentile by Number Answered
Your Score History
You have not taken this quiz